Nino Rota - le immagini & la musica (Record n. 73969)

Dettagli MARC
000 -LEADER
fixed length control field 01514nam a2200301Ia 4500
001 - CONTROL NUMBER
control field C7505
003 - CONTROL NUMBER IDENTIFIER
control field IT-RoPAU
008 - FIXED-LENGTH DATA ELEMENTS--GENERAL INFORMATION
fixed length control field 130308s9999 xx 000 0 und d
040 ## - CATALOGING SOURCE
Original cataloging agency IT-RoPAU
040 ## - CATALOGING SOURCE
Transcribing agency IT-RoPAU
041 ## - LANGUAGE CODE
Language code of text/sound track or separate title ITALIANO
999 ## - SYSTEM CONTROL NUMBERS (KOHA)
Koha Dewey Subclass [OBSOLETE] SI
100 ## - MAIN ENTRY--PERSONAL NAME
Personal name De Santi Pier Marco
100 ## - MAIN ENTRY--PERSONAL NAME
Miscellaneous information Codice Aut. SPICS: 11754
245 ## - TITLE STATEMENT
Title Nino Rota - le immagini & la musica
245 ## - TITLE STATEMENT
Remainder of title Nino Rota - le immagini & la Musica
250 ## - EDITION STATEMENT
Edition statement 1a ed.
260 ## - PUBLICATION, DISTRIBUTION, ETC. (IMPRINT)
Place of publication, distribution, etc. FIRENZE
260 ## - PUBLICATION, DISTRIBUTION, ETC. (IMPRINT)
Name of publisher, distributor, etc. Giunti Gruppo Editoriale
260 ## - PUBLICATION, DISTRIBUTION, ETC. (IMPRINT)
Date of publication, distribution, etc. 1992 [1° Ed.:1992 - Ed.Ling.Originale:1992]
300 ## - PHYSICAL DESCRIPTION
Extent "160 p. (prefazione: no ; testo: 160 [pagine: 0-0])"
500 ## - GENERAL NOTE
General note Musicista di tutti I Film di Fellini, Ha pure un Folto Catalogo di Opere Liriche, Balletti Teatrali, musiche da camera e da concerto e Musicista di Altri 140 Film Oltre quelli di Fellini: Uno dei musicisti Piu' Richiesti Delcinema Mondiale. Questo Libro è Biografia Illustrata di Rota, Storia del Cinema e del costume Italiano Dagli Anni 40 Agli Anni 70. Biografia: Apprendistato di un fanciullo Prodigio. incontro con Fellini. Album della Gioventu': 1911/1933. Tempi di Guerra: 1933/1949. dovere del Gioco: 1950/1959. Cose da Grandi: 1960/1969. Oscar e Dintorni: 1970/1979. Schede e Note di Tuttii Film Musicati da Rota. Elenco di Tutte le Sue Musiche. a parte Il Compact Disc Sulle Sue Grandi colonne sonore di Film.
650 ## - SUBJECT ADDED ENTRY--TOPICAL TERM
Topical term or geographic name as entry element AUTORI/OPERE DI MUSICA
650 ## - SUBJECT ADDED ENTRY--TOPICAL TERM
Relator term Codice materia Spics: 7007
942 ## - ADDED ENTRY ELEMENTS (KOHA)
Koha item type LIBRO
957 ## -
-- 1
999 ## - SYSTEM CONTROL NUMBERS (KOHA)
-- 1
Dati di copia
Withdrawn status Lost status Damaged status Not for loan Home library Current library Date acquired Total Checkouts Full call number Date last seen Price effective from Koha item type Public note
    Buone Condizioni Not For Loan SPICS-MEDIATECA SPICS-MEDIATECA 08/03/2013   C7505 08/03/2013 08/03/2013 LIBRO Progressivo inserimento: 48359 / N. Volumi: 1 Copie: 1 Copia Rara: SI / data import: 1 marzo 2013 - By Epidotti, Trombetti, Vaglietti.
CREDITS: SOCIETA' SAN PAOLO Via A.Severo, 58 - ROMA (RM) & PERIODICI SAN PAOLO SRL Via Giotto, 36 MILANO & CISF Via Giotto, 36 MILANO & EDIZIONI SAN PAOLO SRL,  Piazza Soncino, 5 CINISELLO BALSAMO (MI) -- ITALY